[Event "AUTO-OPEN-3151"]
[Site "http://www.queenalice.com/game.php?id=1243107"]
[Date "2013.12.27"]
[Round "1"]
[White "Gambitshark"]
[Black "Danado"]
[Result "1-0"]
[WhiteElo "2825"]
[BlackElo "1685"]

1. e4 e5 2. Nf3 d6 3. d4 Bg4 4. dxe5 dxe5 5. Qxd8+ Kxd8 6. Nxe5 Be6 7. Nc3 Bb4
8. Bd2 Nf6 9. f3 Ke7 10. O-O-O Rd8 11. Bc4 Bxc4 12. Nxc4 Bxc3 13. Bxc3 Rxd1+ 14.
Rxd1 h6 15. e5 Ne8 16. Bb4+ Ke6 17. Rd8 1-0

[Event "AUTO-OPEN-3151"]
[Site "http://www.queenalice.com/game.php?id=1243134"]
[Date "2013.12.27"]
[Round "1"]
[White "vindaloo"]
[Black "Gambitshark"]
[Result "0-1"]
[WhiteElo "1839"]
[BlackElo "2829"]

1. e4 e6 2. d4 d5 3. exd5 exd5 4. Nf3 Nf6 5. Bd3 Bg4 6. Nc3 h6 7. Be3 c6 8. h3
Be6 9. a3 Nbd7 10. b4 Bd6 11. O-O O-O 12. Qd2 Qc7 13. Rae1 Rae8 14. Ne2 Ne4 15.
Qc1 Bf5 16. Nf4 b5 17. g4 Bh7 18. Ne2 f5 19. Bxh6 gxh6 20. Qxh6 fxg4 21. Ng5
Ndf6 22. Nxh7 Nxh7 23. hxg4 Rf6 24. Qh4 Ref8 25. Bxe4 dxe4 26. Kg2 Qf7 27. Nc3
Qg7 28. Nxe4 Rh6 0-1

[Event "AUTO-OPEN-3151"]
[Site "http://www.queenalice.com/game.php?id=1243135"]
[Date "2013.12.27"]
[Round "1"]
[White "Gambitshark"]
[Black "vindaloo"]
[Result "1-0"]
[WhiteElo "2827"]
[BlackElo "1845"]

1. e4 c5 2. Nf3 d6 3. d4 cxd4 4. Nxd4 Nc6 5. Nc3 Nf6 6. Bc4 g6 7. Nxc6 bxc6 8.
e5 d5 9. exf6 dxc4 10. Qe2 Be6 11. fxe7 Bxe7 12. Bh6 Bf6 13. Rd1 Bxc3+ 14. bxc3
Qf6 15. Qe3 Rg8 16. Bg5 Qf5 17. Qxa7 Rc8 18. Qe7# 1-0

[Event "AUTO-OPEN-3151"]
[Site "http://www.queenalice.com/game.php?id=1243154"]
[Date "2013.12.27"]
[Round "1"]
[White "Gambitshark"]
[Black "Canaye"]
[Result "1-0"]
[WhiteElo "2826"]
[BlackElo "1917"]

1. e4 e6 2. d4 d5 3. e5 c5 4. c3 Nc6 5. Nf3 Qb6 6. a3 Bd7 7. b4 cxd4 8. cxd4 Rc8
9. Be3 Nge7 10. Bd3 Nf5 11. O-O Nxe3 12. fxe3 Be7 13. Nbd2 O-O 14. Qe1 f6 15.
exf6 Bxf6 16. Qb1 g6 17. Nb3 e5 18. Nc5 Be8 19. Qa2 Rd8 20. e4 Bf7 21. exd5 Bxd5
22. Bc4 Bxc4 23. Qxc4+ Kh8 24. d5 Nd4 25. Nxd4 exd4 26. Rae1 Rfe8 27. Rxe8+ Rxe8
28. Nd7 1-0

[Event "AUTO-OPEN-3151"]
[Site "http://www.queenalice.com/game.php?id=1243155"]
[Date "2013.12.27"]
[Round "1"]
[White "Canaye"]
[Black "Gambitshark"]
[Result "0-1"]
[WhiteElo "1910"]
[BlackElo "2824"]

1. d4 Nf6 2. c4 e6 3. Nc3 Bb4 4. Qc2 c5 5. dxc5 O-O 6. Nf3 Nc6 7. Bd2 Bxc5 8. e4
Ng4 9. Nd1 Qb6 10. Be3 Nxe3 11. Nxe3 Bxe3 12. fxe3 Qxe3+ 13. Qe2 Qb6 14. b3 d5
15. Qf2 Qxf2+ 16. Kxf2 dxe4 17. Nd2 f5 18. g3 Ne5 19. Bh3 Bd7 20. Rhd1 Bc6 21.
Kg1 Rad8 22. Nf1 Nf3+ 23. Kf2 g5 24. Bg2 Nd4 25. Rd2 f4 26. g4 e3+ 0-1

[Event "AUTO-OPEN-3154"]
[Site "http://www.queenalice.com/game.php?id=1244107"]
[Date "2013.12.31"]
[Round "1"]
[White "beckhamf2000"]
[Black "Gambitshark"]
[Result "0-1"]
[WhiteElo "1801"]
[BlackElo "2831"]

1. d4 d5 2. c4 e5 3. dxe5 d4 4. Nf3 Nc6 5. g3 Bg4 6. Bg2 Qd7 7. O-O O-O-O 8. Bf4
h6 9. Nbd2 g5 10. Bxg5 hxg5 11. Nxg5 Nxe5 12. f3 Bf5 13. f4 Ng4 14. Rf3 Rxh2 15.
Nb3 Rxg2+ 16. Kf1 f6 17. Kxg2 fxg5 18. Rd3 Be4+ 19. Kg1 Qh7 20. Rxd4 Qh1# 0-1

[Event "AUTO-OPEN-3154"]
[Site "http://www.queenalice.com/game.php?id=1244108"]
[Date "2013.12.31"]
[Round "1"]
[White "Gambitshark"]
[Black "beckhamf2000"]
[Result "1-0"]
[WhiteElo "2830"]
[BlackElo "1800"]

1. e4 c5 2. Nc3 e5 3. Bc4 Nc6 4. d3 Nf6 5. Bg5 Be7 6. Nf3 O-O 7. O-O d6 8. Bxf6
Bxf6 9. Nd5 Bg4 10. Ne3 Bh5 11. c3 Bg5 12. Qe2 Bxf3 13. Qxf3 Qb6 14. Nd5 Qxb2
15. Qh5 Bd8 16. a3 Ne7 17. Ra2 1-0

[Event "AUTO-OPEN-3154"]
[Site "http://www.queenalice.com/game.php?id=1244129"]
[Date "2013.12.31"]
[Round "1"]
[White "wiktormool"]
[Black "Gambitshark"]
[Result "0-1"]
[WhiteElo "1816"]
[BlackElo "2838"]

1. c4 e5 2. a3 Nf6 3. Nc3 Nc6 4. e4 a5 5. Nf3 d6 6. d3 Bg4 7. Be2 Be7 8. h3 Be6
9. Nd5 O-O 10. Qb3 Rb8 11. Bg5 Nd4 12. Qc3 Bxd5 13. cxd5 Nxd5 14. Bxe7 Nxf3+ 15.
Bxf3 Nxe7 16. Qxa5 Nc6 17. Qa4 Nd4 18. Qd1 f5 19. O-O fxe4 20. Bxe4 d5 21. Bf3
Nxf3+ 22. gxf3 Qh4 23. Kh2 Qf4+ 24. Kg2 Rf6 25. Rg1 Rbf8 26. Qe2 Qxf3+ 27. Qxf3
Rxf3 28. Rgf1 Rxd3 29. Rad1 Rff3 30. Rxd3 Rxd3 31. Re1 e4 32. Re2 Kf7 33. Re3 c5
34. Kf1 c4 35. Ke2 Ke6 36. f3 Rxe3+ 37. Kxe3 exf3 38. Kxf3 Ke5 39. h4 d4 0-1

[Event "AUTO-OPEN-3154"]
[Site "http://www.queenalice.com/game.php?id=1244130"]
[Date "2013.12.31"]
[Round "1"]
[White "Gambitshark"]
[Black "wiktormool"]
[Result "1-0"]
[WhiteElo "2833"]
[BlackElo "1812"]

1. e4 c5 2. Nf3 a6 3. d4 e6 4. Nc3 cxd4 5. Nxd4 Bb4 6. Bd3 Qf6 7. Be3 Nc6 8.
Nxc6 Bxc3+ 9. bxc3 Qxc3+ 10. Bd2 Qxc6 11. Qg4 g6 12. Bc3 f6 13. Kd2 e5 14. Qh4
d5 15. exd5 Qxd5 16. Rhe1 Bf5 17. Re3 O-O-O 18. Ke1 Bxd3 19. Rxd3 Qe6 20. Rxd8+
Kxd8 21. Qb4 Qe7 22. Qb6+ Qc7 23. Rd1+ Kc8 24. Qe6+ Kb8 25. Qe8+ Ka7 26. Bd2 Qb8
27. Be3+ 1-0

[Event "AUTO-OPEN-3154"]
[Site "http://www.queenalice.com/game.php?id=1244141"]
[Date "2013.12.31"]
[Round "1"]
[White "eu555"]
[Black "Gambitshark"]
[Result "0-1"]
[WhiteElo "1456"]
[BlackElo "2840"]

1. Nc3 e5 2. e4 Bc5 3. d3 d6 4. h3 f5 5. exf5 Bxf5 6. Nf3 Nf6 7. Be2 O-O 8. O-O
Qd7 9. Nh2 Nc6 10. Be3 Nd4 11. Bxd4 Bxd4 12. Bg4 Bxc3 13. Bxf5 Qxf5 14. bxc3 Rf7
15. Qf3 Qxf3 16. Nxf3 Nd5 17. Rab1 b6 18. Nh2 Nxc3 19. Rb3 Ne2+ 20. Kh1 Rf4 21.
Nf3 Raf8 22. Rbb1 Ra4 23. Kh2 Rxa2 24. Ng1 Rxc2 25. Nxe2 Rxe2 26. Kg1 a5 27. f3
Rf7 28. Rbc1 Rb2 29. Rf2 Rb3 30. Rcc2 a4 31. Ra2 b5 32. Rfc2 c5 33. Kf1 a3 0-1

[Event "AUTO-OPEN-3154"]
[Site "http://www.queenalice.com/game.php?id=1244142"]
[Date "2013.12.31"]
[Round "1"]
[White "Gambitshark"]
[Black "eu555"]
[Result "1-0"]
[WhiteElo "2832"]
[BlackElo "1487"]

1. d4 d5 2. c4 c6 3. Nc3 e6 4. Nf3 h6 5. Bf4 Bb4 6. e3 Bxc3+ 7. bxc3 Nf6 8. Qc2
O-O 9. g4 Nh7 10. h4 dxc4 11. Bxc4 b6 12. g5 f6 13. gxh6 g6 14. Qxg6+ Kh8 15.
Qg7# 1-0

[Event "Challenge"]
[Site "http://www.queenalice.com/game.php?id=1269126"]
[Date "2014.3.30"]
[Round "-"]
[White "Gambitshark"]
[Black "Lintz"]
[Result "1-0"]
[WhiteElo "2834"]
[BlackElo "1852"]

1. e4 e5 2. Nf3 Qe7 3. Nc3 c6 4. Bc4 g6 5. d4 d6 6. Bg5 Nf6 7. dxe5 dxe5 8. Nxe5
Qxe5 9. f4 Qc5 10. Bxf6 Nd7 11. Bxf7+ Kxf7 12. Bxh8 Qe3+ 13. Qe2 Qxe2+ 14. Kxe2
Bg7 15. Bxg7 Kxg7 16. h3 Nf6 17. Rad1 Be6 18. g4 Nxg4 19. hxg4 Bxg4+ 20. Ke3
Bxd1 21. Rxd1 Re8 22. Rd7+ 1-0

[Event "Challenge"]
[Site "http://www.queenalice.com/game.php?id=1269127"]
[Date "2014.3.30"]
[Round "-"]
[White "Lintz"]
[Black "Gambitshark"]
[Result "0-1"]
[WhiteElo "1850"]
[BlackElo "2835"]

1. e4 c5 2. Nf3 Nc6 3. Nc3 d6 4. d4 cxd4 5. Nxd4 e6 6. Be3 Nf6 7. Be2 Be7 8. O-O
O-O 9. f4 a6 10. Kh1 Qc7 11. Qe1 Bd7 12. a3 b5 13. b4 Rfc8 14. Nxc6 Qxc6 15. e5
Qxc3 16. Qxc3 Rxc3 17. Bd3 Nd5 18. exd6 Nxe3 19. Rf3 Bf6 20. Ra2 Nc4 0-1

[Event "AUTO-OPEN-3151"]
[Site "http://www.queenalice.com/game.php?id=1276513"]
[Date "2014.4.26"]
[Round "2"]
[White "Gambitshark"]
[Black "jck2"]
[Result "1-0"]
[WhiteElo "2841"]
[BlackElo "1905"]

1. d4 d5 2. Nc3 Nf6 3. Bg5 Bf5 4. e3 e6 5. Bd3 Bxd3 6. Qxd3 c5 7. Bxf6 Qxf6 8.
dxc5 Bxc5 9. Qb5+ Nd7 10. Nf3 Rb8 11. O-O a6 12. Qa4 Qe7 13. e4 O-O 14. exd5
exd5 15. Nxd5 Qe6 16. Rad1 b5 17. Qh4 Nf6 18. Ng5 Qf5 19. Nxf6+ gxf6 20. Rd5
fxg5 21. Qxg5+ Qxg5 22. Rxg5+ Kh8 23. Rxc5 f5 24. Rd1 f4 25. f3 b4 26. Kf2 Rfe8
27. Rf5 Rf8 28. Rxf8+ Rxf8 29. Rd4 a5 30. g3 fxg3+ 31. hxg3 Rf5 32. c4 bxc3 33.
bxc3 h5 34. c4 Rc5 35. Ke3 Kg7 36. f4 Kg6 37. Rd6+ Kg7 38. Kd4 Rf5 39. Rd5 1-0

[Event "AUTO-OPEN-3151"]
[Site "http://www.queenalice.com/game.php?id=1276514"]
[Date "2014.4.26"]
[Round "2"]
[White "jck2"]
[Black "Gambitshark"]
[Result "0-1"]
[WhiteElo "1905"]
[BlackElo "2839"]

1. d4 Nf6 2. Nf3 d6 3. g3 g6 4. Bg2 Bg7 5. O-O O-O 6. c4 Nc6 7. d5 Na5 8. Qa4 c5
9. dxc6 Nxc6 10. Nc3 Bd7 11. Qc2 Rc8 12. b3 Bf5 13. Qd2 Ne4 14. Nxe4 Bxa1 15.
Nc3 Qa5 16. Bb2 Bxb2 17. Qxb2 Rfe8 18. Nh4 Be6 19. Bd5 Bxd5 20. Nxd5 b5 21. cxb5
Qxb5 22. Nc3 Qa5 23. Rc1 Nd4 24. Na4 Rxc1+ 25. Qxc1 Nxe2+ 0-1

[Event "EUROAMERICA"]
[Site "http://www.queenalice.com/game.php?id=1300933"]
[Date "2014.8.11"]
[Round "1"]
[White "Cuxtal"]
[Black "Gambitshark"]
[Result "1/2-1/2"]
[WhiteElo "2633"]
[BlackElo "2843"]

1. d4 Nf6 2. c4 e6 3. Nc3 Bb4 4. e3 O-O 5. Bd3 d5 6. cxd5 exd5 7. Ne2 Re8 8. O-O
Bd6 9. Bd2 Nbd7 10. Rc1 a6 11. Nf4 c6 12. Qc2 g6 13. h3 Nf8 14. Qb3 g5 15. Nfe2
g4 16. h4 Ng6 17. Ng3 Nxh4 18. Qd1 h5 19. e4 dxe4 20. Ngxe4 Nxe4 21. Nxe4 Bf5
22. Bg5 Be7 23. Bxh4 Bxh4 24. Nc5 Bxd3 25. Qxd3 Re7 26. Nb3 Rd7 27. Rfe1 Rd5 28.
Re4 Bf6 29. Rc4 Rc8 30. Rc5 a5 31. Rf4 a4 32. Rxd5 cxd5 33. Nc5 b6 34. Qa6 Kg7
35. Nd3 Qe8 36. g3 Qe6 37. Ne5 Rc7 38. Qd3 Rc1+ 1/2-1/2

[Event "AUTO-OPEN-3151"]
[Site "http://www.queenalice.com/game.php?id=1302072"]
[Date "2014.8.17"]
[Round "3"]
[White "Gambitshark"]
[Black "jnable"]
[Result "1-0"]
[WhiteElo "2842"]
[BlackElo "1923"]

1. e4 e5 2. Nf3 Nf6 3. Nxe5 d6 4. Nf3 Nxe4 5. d4 d5 6. Bd3 Bd6 7. O-O O-O 8. c4
c6 9. Qc2 f5 10. Qb3 Bc7 11. Nc3 Be6 12. Qxb7 Nd7 13. Qxc6 Rc8 14. Qxe6+ 1-0

[Event "AUTO-OPEN-3151"]
[Site "http://www.queenalice.com/game.php?id=1302073"]
[Date "2014.8.17"]
[Round "3"]
[White "jnable"]
[Black "Gambitshark"]
[Result "0-1"]
[WhiteElo "1921"]
[BlackElo "2839"]

1. d4 Nf6 2. c4 e5 3. d5 Bc5 4. Nc3 d6 5. a3 a5 6. h3 Bf5 7. Nf3 h6 8. e3 Nbd7
9. Nd2 Bb6 10. e4 Bg6 11. Bd3 O-O 12. O-O Nh5 13. Nf3 Ng3 14. Re1 f5 15. Be3
fxe4 16. Bxb6 exd3 17. fxg3 Nxb6 18. b3 a4 19. Ne4 axb3 20. Qxd3 b2 21. Ra2 Na4
22. Qb3 Bxe4 23. Rxe4 Nc5 0-1

[Event "EUROAMERICA"]
[Site "http://www.queenalice.com/game.php?id=1326015"]
[Date "2014.12.4"]
[Round "2"]
[White "Gambitshark"]
[Black "RenverKestak"]
[Result "1/2-1/2"]
[WhiteElo "2842"]
[BlackElo "2633"]

1. e4 e5 2. Nf3 Nc6 3. d4 exd4 4. Nxd4 Nf6 5. Nxc6 bxc6 6. e5 Qe7 7. Qe2 Nd5 8.
c4 Nb6 9. Nc3 Qe6 10. Qe4 d5 11. exd6 Qxe4+ 12. Nxe4 cxd6 13. Bd2 Be7 14. Be2
O-O 15. b3 a5 16. O-O d5 17. cxd5 cxd5 18. Ng3 Be6 19. Nh5 a4 20. Nf4 Bf5 21.
Be3 Bd6 22. g3 Rfb8 23. Rac1 axb3 24. axb3 g5 25. Nh5 Be7 26. Rfd1 Ra2 27. Bf3
Ra3 28. Rc7 Bd8 29. Rc3 Be6 30. Kg2 g4 31. Be2 Na4 32. Rc6 Raxb3 33. Rd4 R3b4
34. Rxb4 Rxb4 35. Nf4 Bf5 36. Bd3 Bxd3 37. Nxd3 Rc4 38. Rd6 Be7 1/2-1/2

[Event "EUROAMERICA"]
[Site "http://www.queenalice.com/game.php?id=1399001"]
[Date "2015.12.15"]
[Round "4"]
[White "Gambitshark"]
[Black "kobra23"]
[Result "1/2-1/2"]
[WhiteElo "2828"]
[BlackElo "2588"]

1. e4 e5 2. Nf3 Nc6 3. d4 exd4 4. Nxd4 Bc5 5. Be3 Qf6 6. c3 Nge7 7. Bc4 d6 8. f3
O-O 9. O-O Be6 10. Bxe6 fxe6 11. Qd3 Bb6 12. Nd2 Nxd4 13. Bxd4 Bxd4+ 14. cxd4
Rad8 15. Rad1 c5 16. Nb3 Nc6 17. Qc4 cxd4 18. Nxd4 d5 19. exd5 exd5 20. Qc5
1/2-1/2